| 000 | 00712nam a22002057a 4500 | ||
|---|---|---|---|
| 005 | 20150710102445.0 | ||
| 010 | _aENG-113205 | ||
| 020 |
_a9788173810275 _c235.00 |
||
| 035 | _aEN-96737 | ||
| 037 | _bDBAD/PUB | ||
| 082 | _a620.103 | ||
| 100 | _aRahman, M. M. | ||
| 245 |
_aStatics : _cby M. M. Rahman ; edited by Binoy Bhattacharyya _bwritten according to...................examination of equivalent standard / |
||
| 250 | _a3rd thoroughly rev.enl.& updated ed | ||
| 260 |
_aKolkata _bNew Central Book Agency _c2015(repr.) |
||
| 270 |
_a8/1 Chintamoni Das Lane, _bKolkata _e700009 |
||
| 300 |
_axxi,315p. : _c23cm(pbk) |
||
| 700 | _aBhattacharyya, Binoy | ||
| 942 |
_2ddc _cEN _mRAH _h620.103 |
||
| 999 |
_c93841 _d93841 |
||